| 000 | 01290nam a2200349 a 4500 | ||
|---|---|---|---|
| 001 | ebr10273670 | ||
| 003 | CaPaEBR | ||
| 006 | m u | ||
| 007 | cr cn||||||||| | ||
| 008 | 021018s2002 at a sb 001 0 eng d | ||
| 010 | _z 2002491292 | ||
| 020 | _z9781876756246 | ||
| 020 | _z9781742192222 | ||
| 020 | _z1876756241 (pbk.) | ||
| 040 |
_aCaPaEBR _cCaPaEBR |
||
| 035 | _a(OCoLC)317366948 | ||
| 050 | 1 | 4 |
_aHQ1190 _b.H393 2002eb |
| 100 | 1 |
_aHawthorne, Susan, _d1951- |
|
| 245 | 1 | 0 |
_aWild politics _h[electronic resource] : _bfeminism, globalisation, bio/diversity / _cSusan Hawthorne. |
| 260 |
_aNorth Melbourne, Vic. : _bSpinifex, _c2002. |
||
| 300 |
_axv, 462 p. : _bill. |
||
| 504 | _aIncludes bibliographical references (p. 392-442) and index. | ||
| 533 |
_aElectronic reproduction. _bPalo Alto, Calif. : _cebrary, _d2013. _nAvailable via World Wide Web. _nAccess may be limited to ebrary affiliated libraries. |
||
| 650 | 0 | _aFeminist theory. | |
| 650 | 0 | _aFeminist economics. | |
| 650 | 0 | _aEcofeminism. | |
| 650 | 0 | _aGlobalization. | |
| 650 | 0 | _aBiodiversity. | |
| 655 | 7 |
_aElectronic books. _2local |
|
| 710 | 2 | _aebrary, Inc. | |
| 856 | 4 | 0 |
_uhttp://site.ebrary.com/lib/rucke/Doc?id=10273670 _zAn electronic book accessible through the World Wide Web; click to view |
| 999 |
_c6960 _d6960 |
||